000
00307nam a2200109Ia 4500
008
171211s9999 xx 000 0 und d
245
_a
Drupal 6 Panels Cookbook
245
_c
Bhavin Patel
260
_c
2010
650
_x
IT eBOOKS
856
_u
http://down.ebook777.com/020/Drupal%206%20Panels%20Cookbook.pdf
999
_c
349835
_d
349835